Filmographie de Leïla Bekhti - Statistiques

Statistiques générales
  • Ce quiz a été pris 4 fois
  • Le résultat moyen est 20 sur 57
Statistiques - réponses
Hint Réponse % Correct
Séries 2020 La Flamme
100%
Films 2007 Tout ce qui brille
100%
Films 2010 Tout ce qui brille
100%
Films 2019 J'irai où tu iras
75%
Séries 2022 Le Flambeau : Les aventuriers de Chupacabra
75%
Films 2018 Le Grand Bain
75%
Films 2025 Ma mère, Dieu et Sylvie Vartan
75%
Films 2008 Un prophète
75%
Séries 2012 Bref
50%
Films 2026 Changer l'eau des fleurs
50%
Films 2023 Je verrai toujours vos visages
50%
Films 2015 Nous trois ou rien
50%
Films 2012 Nous York
50%
Téléfilm 2007 Ali Baba et les 40 voleurs
25%
Films 2013 Avant l'hiver
25%
Films 2018 Carnivores
25%
Films 2022 C'est mon homme
25%
Films 2019 Chanson douce
25%
Films 2007 Choisir d'aimer
25%
Films 2021 Comment je suis devenu super-héros
25%
Téléfilm 2010 Conte de la frustration
25%
Films 2008 Des poupées et des anges
25%
Doublage 2015 En route !
25%
Téléfilm 2010 Fracture
25%
Téléfilm 2006 Harkis
25%
Films 2010 Il reste du jambon ?
25%
Films 2011 Itinéraire bis
25%
Séries 2016 Jour polaire
25%
Doublage 2019 La Fameuse Invasion des ours en Sicile
25%
Films 2019 La Lutte des classes
25%
Films 2024 La Nouvelle Femme
25%
Films 2011 La Source des femmes
25%
Films 2015 L'Astragale
25%
Films 2021 La Troisième Guerre
25%
Téléfilm 2021 La Vengeance au triple galop
25%
Téléfilm 2009 Le Choix de Myriam
25%
Doublage 2016 Le Livre de la Jungle
25%
Films 2021 Les Intranquilles
25%
Doublage 2007 Les Lascars
25%
Jeu 2008-2009 Les Tricheurs
25%
Films 2008 L'Instinct de mort
25%
Jeu 2023 LOL : qui rit, sort !
25%
Séries 2006 Madame le Proviseur
25%
Films 2012 Mains armées
25%
Films 2014 Maintenant ou jamais
25%
Films 2006 Mauvaise Foi
25%
Films 2018 Opération Beyrouth (Beirut)
25%
Films 2005 Paris, je t'aime, segment Quais de Seine
25%
Doublage 2013 Planes
25%
Téléfilm 2006 Pour l'amour de Dieu
25%
Séries 2017 Serge le Mytho
25%
Films 2005 Sheitan
25%
Séries 2020 The Eddy
25%
Films 2011 Toi, moi, les autres
25%
Web série 2008 Twenty Show
25%
Films 2012 Une vie meilleure
25%
Films 2018 Un homme pressé
25%
Aucun quiz correspondant
Distribution des résultats
% des personnes avec chaque résultat
Percentile par nombre de réponses
Votre historique - résultats
Vous n’avez pas pris ce quiz